Southern Hemisphere Vowel Countries Quiz Stats

Quiz Updated Oct 25, 2016

Challenge
Share
Tweet
Embed
Score 0/8 Timer 01:00
11 Plays Today
Country % Correct
Australia
92%
Argentina
90%
Uruguay
75.1%
Angola
64.4%
Ecuador
59.8%
Indonesia
58.4%
Uganda
42.3%
Equatorial Guinea
24.2%

You're not logged in!

Compare scores with friends on all Sporcle quizzes.
Join for Free
OR
Log In

You Might Also Like...

Show Comments

Extras

Top Quizzes Today


Score Distribution

Your Account Isn't Verified!

In order to create a playlist on Sporcle, you need to verify the email address you used during registration. Go to your Sporcle Settings to finish the process.

Report this User

Report this user for behavior that violates our Community Guidelines.

Details: